Normal view
MARC view
- الوحدة العربية- البلاد العربية- القومية العربية
Entry Topical Term
001 - CONTROL NUMBER
- control field: 14588
003 - CONTROL NUMBER IDENTIFIER
- control field: JO-AjAnu
005 - DATE AND TIME OF LATEST TRANSACTION
- control field: 20230606072629.0
008 - FIXED-LENGTH DATA ELEMENTS
- fixed length control field: 230606|| aca||aabn | a|a d
040 ## - CATALOGING SOURCE
- Original cataloging agency: JO-AjAnu
- Transcribing agency: JO-AjAnu
150 ## - HEADING--TOPICAL TERM
- Topical term or geographic name entry element: الوحدة العربية- البلاد العربية- القومية العربية
670 ## - SOURCE DATA FOUND
- Source citation: Work cat.: (JO-AjAnu)7493: الحصري، ابو خلدون ساطع 1883-1968, author 14587, دفاع عن العروبة